Statistics for Starting Lineup for the 76ers

Click here to take the quiz!

General Stats

  • This quiz has been taken 27 times
  • The average score is 5 of 5

Answer Stats

QuestionAnswer% Correct
Starting Small Forward for 76ersTobias Harris
100%
point guard of the 76ersBen Simmons
96%
Starting Center for 76ersJoel Embiid
96%
Shooting Guard for 76ersmatisse thymbuille
92%
starting Power Forward for 76ersDwight Howard
79%

Score Distribution

Percentile by Number Answered

Percent of People with Each Score

Your Score History

You have not taken this quiz